Statistics for O.W.L.'s Quiz-Harry Potter

Click here to take the quiz!

General Stats

  • This quiz has been taken 117 times
    (110 since last reset)
  • The average score is 9 of 15

Answer Stats

HintAnswer% Correct
What does "O" stand for?Outstanding
98%
T?Troll
87%
A?Acceptable
75%
E?Exceeds Expectations
75%
What does O.W.L. stand for?Ordinary Wizarding Levels
71%
D?Dreadful
68%
P?Poor
68%
How many O.W.L.'s did Hermione get?11
62%
What subject did Harry get an "O" in?Defense Against the Dark Arts
54%
What year do you take O.W.L's in?5th
52%
What does N.E.W.T. stand for?Nastily Exhausting Wizarding Tests
51%
What subject did Hermione get an "E" in? :O (Hermione got an "E"????)Defense Against the Dark Arts
45%
Professor M. for O.W.L.'sMarchbanks
26%
Professor M.'s first name?Griselda
21%
Professor T. for O.W.L'sTofty
21%

Score Distribution

Percentile by Number Answered

Percent of People with Each Score

Your Score History

You have not taken this quiz since the last reset